Normal view
MARC view
- Memory Serves
Entry Topical Term
001 - CONTROL NUMBER
- control field: 109945
003 - CONTROL NUMBER IDENTIFIER
- control field: NUST
005 - DATE AND TIME OF LATEST TRANSACTION
- control field: 20230307120007.0
008 - FIXED-LENGTH DATA ELEMENTS
- fixed length control field: 230307|| aca||aabn | a|a d
040 ## - CATALOGING SOURCE
- Original cataloging agency: NUST
- Transcribing agency: NUST
150 ## - HEADING--TOPICAL TERM
- Topical term or geographic name entry element: Memory Serves
670 ## - SOURCE DATA FOUND
- Source citation: Work cat.: (NUST)185829: Tuker Francis 109943, While Memory Serves /, 1950
